[Event "Tournoi Skype 031B"]
[Site "Skype"]
[Date "????.??.??"]
[Round "9.4"]
[White "Llabres, Sergio"]
[Black "Castillo, David"]
[Result "1-0"]
[WhiteElo "1181"]
[BlackElo "1449"]
[PlyCount "166"]

1. d4 c6 2. c4 Nf6 3. Nf3 a6 4. b3 e6 5. a3 Bd6 6. Bb2 Be7 7. e3 d5 8. Nbd2
Nbd7 9. Bd3 h6 10. Ne5 Nf8 11. Ng4 N8d7 12. Ne5 Nf8 13. Ng4 N8h7 14. Qf3 Nxg4
15. Qxg4 Bf6 16. Qg3 Nf8 17. Nf3 Nd7 18. Ne5 Nf8 19. h3 Rg8 20. e4 Bh4 21. Qf3
Qf6 22. Qe2 Qe7 23. g3 Bf6 24. Ng4 Bd7 25. e5 Bg5 26. f4 f5 27. Ne3 Bxf4 28.
gxf4 Qh4+ 29. Qf2 Qxf2+ 30. Kxf2 O-O-O 31. c5 Ng6 32. Ng2 Be8 33. Bc3 Rd7 34.
h4 h5 35. b4 Re7 36. a4 Nf8 37. Ra3 Nd7 38. b5 Nb8 39. bxa6 Nxa6 40. Bxa6 bxa6
41. Ba5 Rb7 42. Bb6 Kd7 43. a5 g6 44. Ne1 Rg7 45. Nc2 Rb8 46. Nb4 Ra8 47. Kf3
Re7 48. Nd3 Rg7 49. Nf2 Kc8 50. Nh3 Kb7 51. Ng5 Bd7 52. Ke3 Re8 53. Rb3 Ra8 54.
Bd8+ Kc8 55. Bf6 Rg8 56. Rb6 Kc7 57. Rhb1 Ra7 58. Nf3 Re8 59. Ne1 Bc8 60. Nc2
Bb7 61. Rg1 Rg8 62. Ne1 Kd7 63. Nf3 Bc8 64. Ng5 Rb7 65. Rxb7+ Bxb7 66. Rb1 Bc8
67. Rb8 Kc7 68. Rb6 Re8 69. Nh7 Bb7 70. Ng5 Bc8 71. Nf3 Bb7 72. Ne1 Ra8 73. Be7
Ra7 74. Bd6+ Kc8 75. Nf3 Ba8 76. Ng5 Kd7 77. Rb8 Bb7 78. Nh7 Bc8 79. Nf8+ Kd8
80. Nxe6+ Kd7 81. Nf8+ Kd8 82. e6 Rb7 83. e7+ Ke8 1-0

[Event "Tournoi Skype 031B"]
[Site "Skype"]
[Date "????.??.??"]
[Round "9.5"]
[White "Sosa, Juan Carlos"]
[Black "De Coninck, Philippe"]
[Result "1-0"]
[WhiteElo "1199"]
[BlackElo "1290"]
[PlyCount "65"]

1. d4 e5 2. dxe5 Nc6 3. Nf3 Qe7 4. Bf4 Qb4+ 5. Nc3 Qxb2 6. Nd5 Bb4+ 7. Bd2
Bxd2+ 8. Nxd2 Qxe5 9. Nf3 Qd6 10. e3 Nf6 11. Bc4 Nxd5 12. Bxd5 O-O 13. O-O Ne7
14. Bb3 Qxd1 15. Raxd1 d6 16. h3 h6 17. e4 b6 18. e5 dxe5 19. Nxe5 Be6 20. Bxe6
fxe6 21. Rd7 Rfd8 22. Rxe7 Rd2 23. Rxc7 Rad8 24. Rxa7 Rxc2 25. a4 Re2 26. Rd7
Rxd7 27. Nxd7 Rb2 28. Re1 Kf7 29. Ne5+ Kf6 30. Ng4+ Ke7 31. f4 h5 32. Ne5 Rb4
33. Nc6+ 1-0

[Event "Tournoi Skype 031B"]
[Site "Skype"]
[Date "????.??.??"]
[Round "9.6"]
[White "Quiel, Aristoteles"]
[Black "Parrales, Rodolfo"]
[Result "1-0"]
[WhiteElo "1161"]
[BlackElo "1220"]
[PlyCount "49"]

1. d4 g6 2. c4 Bg7 3. Nf3 d6 4. Nc3 Nd7 5. e4 e5 6. Be2 Ngf6 7. O-O exd4 8.
Nxd4 O-O 9. Be3 Re8 10. Qc2 Nc5 11. f3 c6 12. Rad1 Qe7 13. Qd2 Ncxe4 14. fxe4
Nxe4 15. Nxe4 Qxe4 16. Rf3 Bg4 17. Rf2 Bxe2 18. Rxe2 Re7 19. Bf2 Qxd4 20. Bxd4
Bxd4+ 21. Kf1 Rxe2 22. Qxe2 Be5 23. c5 Re8 24. cxd6 Kf8 25. d7 1-0

[Event "Tournoi Skype 031B"]
[Site "Skype"]
[Date "????.??.??"]
[Round "9.7"]
[White "Conde, Carmen"]
[Black "De Nobrega, George"]
[Result "0-1"]
[WhiteElo "1206"]
[BlackElo "1181"]
[PlyCount "130"]

1. e4 e5 2. Bc4 Nc6 3. d3 Bc5 4. Qg4 Qf6 5. Bg5 Qxf2+ 6. Kd1 Qf1+ 7. Kd2 Qf2+
8. Qe2 Qxe2+ 9. Nxe2 h6 10. Bh4 Be7 11. Bg3 Nf6 12. h3 a6 13. a3 d6 14. Nbc3
O-O 15. Raf1 Bd7 16. Bh2 Rae8 17. Rhg1 Bd8 18. g4 Be6 19. b4 Bxc4 20. dxc4 b5
21. g5 hxg5 22. h4 gxh4 23. Rf5 bxc4 24. Rg2 Re6 25. Bg1 Nd4 26. Nxd4 exd4 27.
Bxd4 g6 28. Ke3 Kh7 29. Rf4 Kg7 30. Rxh4 Rh8 31. Rf4 Rh3+ 32. Rf3 Rxf3+ 33.
Kxf3 Kg8 34. Rh2 Kg7 35. a4 c6 36. a5 g5 37. Rg2 Kg6 38. Be3 g4+ 39. Kf4 Be7
40. Bd4 Bf8 41. Re2 Bh6+ 42. Kg3 Kg5 43. Be3+ Kg6 44. Bd4 Bg7 45. Kf4 Nh5+ 46.
Kxg4 Bxd4 47. Nd1 f5+ 48. Kf3 fxe4+ 49. Rxe4 Rxe4 50. Kxe4 Bf6 51. Ne3 Be7 52.
Nxc4 d5+ 53. Kd3 dxc4+ 54. Kxc4 Kf6 55. Kb3 Ke6 56. c4 Ke5 57. Kc3 Nf6 58. c5
Kd5 59. Kd3 Bxc5 60. bxc5 Kxc5 61. Kc3 Kb5 62. Kd4 Kxa5 63. Kc5 Ka4 64. Kxc6
Kb4 65. Kb6 a5 0-1

[Event "Tournoi Skype 031B"]
[Site "Skype"]
[Date "????.??.??"]
[Round "9.8"]
[White "Battaglia, Gabriele"]
[Black "Cockayne, Curtis"]
[Result "0-1"]
[WhiteElo "1228"]
[BlackElo "1383"]
[PlyCount "66"]

1. Nf3 d5 2. g3 Nc6 3. Bg2 e5 4. d3 e4 5. dxe4 dxe4 6. Qxd8+ Nxd8 7. Nfd2 e3 8.
fxe3 Nf6 9. O-O Ng4 10. Ne4 Ne6 11. Rxf7 Kxf7 12. Bd2 Nc5 13. Ng5+ Kg6 14. Nf3
Ne4 15. Bc1 Bc5 16. Ne5+ Nxe5 17. Bxe4+ Bf5 18. Bxf5+ Kxf5 19. Nc3 c6 20. Kg2
Rhf8 21. e4+ Ke6 22. Bf4 Ng4 23. Rd1 Ne3+ 24. Bxe3 Bxe3 25. Kh3 Rf6 26. Rd3 Bg1
27. Rd1 Rh6+ 28. Kg2 Bxh2 29. Rd3 Rf8 30. Rd1 Bxg3 31. Kxg3 Rg6+ 32. Kh2 Rf4
33. Kh1 Rh4# 0-1

[Event "Tournoi Skype 031B"]
[Site "Skype"]
[Date "????.??.??"]
[Round "9.9"]
[White "Scata, Laura"]
[Black "Hernandez, Enrique"]
[Result "1/2-1/2"]
[WhiteElo "1370"]
[BlackElo "1051"]
[PlyCount "141"]

1. d4 c5 2. e3 Nf6 3. Nf3 d6 4. b3 Bg4 5. Bb2 Nbd7 6. Bd3 e5 7. dxe5 Nxe5 8.
Be2 Bxf3 9. Bxf3 Rb8 10. O-O Nxf3+ 11. Qxf3 Be7 12. c4 O-O 13. Nc3 a6 14. Rad1
b5 15. Ba1 b4 16. Nd5 Nxd5 17. Rxd5 f6 18. Rfd1 Qc7 19. Qf5 Rbe8 20. Qe6+ Rf7
21. Rxd6 Qc8 22. Qxc8 Rxc8 23. Rxa6 Rd8 24. Rxd8+ Bxd8 25. Rd6 Be7 26. Rd5 g6
27. e4 h5 28. f3 Bf8 29. Bb2 Kh7 30. Bc1 Ra7 31. Be3 Rxa2 32. Bxc5 Ra1+ 33. Kf2
Bxc5+ 34. Rxc5 Rb1 35. Rb5 Rxb3 36. c5 g5 37. c6 Rb2+ 38. Kg3 b3 39. Rb7+ Kg6
40. h3 h4+ 41. Kh2 Rc2 42. c7 b2 43. c8=Q Rxc8 44. Rxb2 Kf7 45. g3 Ke6 46. gxh4
gxh4 47. f4 Rg8 48. Rg2 Rd8 49. Re2 Rd4 50. Kg2 f5 51. exf5+ Kxf5 52. Rf2 Rd3
53. Rf3 Rd8 54. Rf1 Rg8+ 55. Kh2 Re8 56. Kg2 Re4 57. Rf3 Re2+ 58. Kf1 Re4 59.
Kf2 Ra4 60. Ke3 Ra1 61. Rf2 Ra3+ 62. Ke2 Rxh3 63. Kf1 Rg3 64. Rh2 Kg4 65. Rg2
Kxf4 66. Rxg3 hxg3 67. Kg2 Kg4 68. Kg1 Kh3 69. Kh1 Kg4 70. Kg1 Kf3 71. Kf1
1/2-1/2

[Event "Tournoi Skype 031B"]
[Site "Skype"]
[Date "????.??.??"]
[Round "9.10"]
[White "Castanha, Marco"]
[Black "Moumtaz, Abderrahim"]
[Result "0-1"]
[WhiteElo "1144"]
[BlackElo "1279"]
[PlyCount "50"]

1. e4 e5 2. Nf3 Nc6 3. Bc4 Bc5 4. O-O Nf6 5. d3 O-O 6. c3 d6 7. Bg5 Bg4 8. Nbd2
a6 9. Re1 b5 10. Bb3 d5 11. exd5 Na5 12. Ne4 Be7 13. Bxf6 Bxf6 14. Nxf6+ Qxf6
15. Re3 Nxb3 16. Qxb3 Rad8 17. Nxe5 Bh5 18. d4 Qd6 19. Nc6 Rd7 20. Rae1 f6 21.
Re6 Qf4 22. d6 Bf7 23. dxc7 Rxc7 24. Ne5 fxe5 25. g3 Qg4 0-1

[Event "Tournoi Skype 031B"]
[Site "Skype"]
[Date "????.??.??"]
[Round "9.11"]
[White "Hernandez Monzon, Alejandro"]
[Black "Nontsikelelo, Yvonne"]
[Result "0-1"]
[WhiteElo "1240"]
[BlackElo "1044"]
[PlyCount "86"]

1. e4 e5 2. b3 d6 3. Bb2 Nc6 4. Ne2 Nf6 5. d3 Be7 6. Qd2 O-O 7. Nbc3 Be6 8.
O-O-O a6 9. f4 exf4 10. h3 Nh5 11. Nxf4 Nxf4 12. h4 Bxh4 13. Kb1 Ng6 14. d4 Bg5
15. Qe2 Nxd4 16. Rxd4 c5 17. Rd3 c4 18. Qh5 h6 19. Rg3 Bh4 20. Rf3 cxb3 21.
cxb3 Qg5 22. Qxg5 Bxg5 23. Nd5 Bxd5 24. exd5 b5 25. g3 Rfe8 26. Bd3 Ne7 27.
Rhf1 f6 28. Ba3 Rad8 29. g4 Nxd5 30. Bg6 Re7 31. Rd1 Re5 32. Bb2 Re3 33. Rxe3
Nxe3 34. Re1 Nxg4 35. Re7 a5 36. Ba3 b4 37. Bb2 Ne5 38. Be4 d5 39. Bc2 d4 40.
Bd1 Nd3 41. Bxd4 Rxd4 42. Re8+ Kf7 43. Bh5+ g6 0-1

[Event "Tournoi Skype 031B"]
[Site "Skype"]
[Date "????.??.??"]
[Round "9.12"]
[White "Crocioni, Luca"]
[Black "Franco, Yolima"]
[Result "1/2-1/2"]
[WhiteElo "1148"]
[BlackElo "1495"]
[PlyCount "65"]

1. e4 Nc6 2. d4 e5 3. Nf3 d6 4. dxe5 Bg4 5. Bb5 Bxf3 6. Bxc6+ bxc6 7. Qxf3 dxe5
8. a3 Bc5 9. Be3 Bd4 10. c3 Bxe3 11. Qxe3 Qh4 12. Nd2 Nf6 13. Qc5 Nxe4 14.
Qxe5+ Kf8 15. Nxe4 Re8 16. Qc5+ Kg8 17. O-O Qxe4 18. f3 Qe2 19. Qxc6 g6 20.
Rfe1 Qxe1+ 21. Rxe1 Rxe1+ 22. Kf2 Rb1 23. c4 Rxb2+ 24. Kg3 Kg7 25. Qxc7 Rhb8
26. Qxa7 R8b7 27. Qc5 Re2 28. Qd4+ Kh6 29. h4 Rbb2 30. Qf4+ Kg7 31. Qd4+ Kh6
32. Qf4+ Kg7 33. Qd4+ 1/2-1/2

[Event "Tournoi Skype 031B"]
[Site "Skype"]
[Date "????.??.??"]
[Round "9.13"]
[White "Linares Vernet, Ana"]
[Black "Duthoit, Bernard"]
[Result "0-1"]
[WhiteElo "1142"]
[BlackElo "1320"]
[PlyCount "120"]

1. e4 e6 2. Nf3 c5 3. c4 Nc6 4. Nc3 a6 5. Be2 Nge7 6. O-O Ng6 7. d3 Be7 8. a3
O-O 9. b3 Nge5 10. Nxe5 Nxe5 11. Bf4 Bf6 12. a4 Ng6 13. Bg3 Bxc3 14. Rc1 Be5
15. f4 Bd4+ 16. Kh1 Be3 17. Rb1 Nh4 18. Bg4 f5 19. exf5 Nxf5 20. Bxf5 exf5 21.
Rf3 Bd4 22. Bf2 Bxf2 23. Rxf2 d5 24. d4 cxd4 25. Qxd4 Be6 26. Re2 Re8 27. Re5
dxc4 28. Qxd8 Raxd8 29. bxc4 Bxc4 30. Rxe8+ Rxe8 31. Kg1 b5 32. axb5 axb5 33.
Rb2 Re4 34. g3 h6 35. h3 Re3 36. Kf2 Rb3 37. Rxb3 Bxb3 38. Ke2 Bc4+ 39. Kd2 g5
40. Kc3 gxf4 41. gxf4 h5 42. h4 Kf7 43. Kd4 Ke6 44. Kc5 Bd3 45. Kd4 Be4 46. Kc5
b4 47. Kxb4 Kd5 48. Kc3 Bb1 49. Kd2 Ke4 50. Ke2 Kxf4 51. Kf2 Kg4 52. Ke3 f4+
53. Kf2 f3 54. Kg1 Kxh4 55. Kf2 Kg4 56. Kg1 h4 57. Kf2 h3 58. Kg1 Kg3 59. Kf1
f2 60. Ke2 h2 0-1

[Event "Tournoi Skype 031B"]
[Site "Skype"]
[Date "????.??.??"]
[Round "9.14"]
[White "Prieto Umba, Jairo Ovidio"]
[Black "Conde, Ramon"]
[Result "0-1"]
[WhiteElo "1317"]
[BlackElo "1186"]
[PlyCount "60"]

1. d4 d5 2. c4 c6 3. Nc3 Nf6 4. Bg5 dxc4 5. Bxf6 exf6 6. e4 Qb6 7. Qd2 Be7 8.
Bxc4 f5 9. exf5 Bxf5 10. Nge2 Nd7 11. O-O Rd8 12. Qf4 Bg6 13. a3 Nf6 14. b4 Nd5
15. Qd2 O-O 16. Bxd5 cxd5 17. Rac1 f6 18. Nf4 Bf7 19. Rfe1 Rd7 20. Re3 Bd8 21.
Na4 Qd6 22. Nc5 Rc7 23. Ncd3 Rxc1+ 24. Qxc1 Bc7 25. g3 g5 26. Ng2 Bb6 27. Nc5
Bxc5 28. dxc5 Qc6 29. Qc3 Rd8 30. Qxf6 Qxf6 0-1

[Event "Tournoi Skype 031B"]
[Site "Skype"]
[Date "????.??.??"]
[Round "9.15"]
[White "Ponz Lazaro, Ruperto"]
[Black "Ruiz Aguilera, Juan Jesus"]
[Result "1/2-1/2"]
[WhiteElo "1312"]
[BlackElo "1116"]
[PlyCount "80"]

1. d4 Nf6 2. Nf3 e6 3. e3 c5 4. c3 a6 5. Bd3 Bd6 6. Nbd2 O-O 7. Qe2 Nc6 8. O-O
Qe7 9. dxc5 Bxc5 10. e4 d6 11. Nb3 e5 12. Nxc5 dxc5 13. h3 Be6 14. Ng5 h6 15.
Nxe6 Qxe6 16. Bc2 Rad8 17. Be3 c4 18. f4 g6 19. fxe5 Nxe5 20. Bxh6 Rfe8 21. Bg5
Ned7 22. e5 b5 23. Bxf6 Nxf6 24. Rxf6 Qxe5 25. Qxe5 Rxe5 26. Raf1 Rd7 27. Rxa6
Re2 28. Bxg6 Rdd2 29. Bxf7+ Kg7 30. Bd5 Rxd5 31. Raf6 Rdd2 32. R6f2 Rxb2 33.
Rxe2 Rxe2 34. Rf2 Re1+ 35. Kh2 Rc1 36. Rb2 Rxc3 37. Rxb5 Ra3 38. Rb2 c3 39. Rc2
Kf6 40. h4 Ke5 1/2-1/2

[Event "Tournoi Skype 031B"]
[Site "Skype"]
[Date "????.??.??"]
[Round "9.16"]
[White "Barrera Mendoza, Carlos"]
[Black "Koohnavard, Neda"]
[Result "1-0"]
[WhiteElo "1240"]
[BlackElo "1094"]
[PlyCount "135"]

1. e4 c6 2. d4 d5 3. exd5 cxd5 4. Bd3 Nf6 5. Bf4 Bg4 6. Nf3 Nc6 7. c3 Ne4 8.
Nbd2 Bxf3 9. Nxf3 e6 10. Qb3 Bd6 11. Bxd6 Qxd6 12. O-O O-O 13. Rfe1 Nf6 14. Ne5
b6 15. Bb5 Na5 16. Qc2 g6 17. Rad1 a6 18. Be2 b5 19. Qb1 Rac8 20. a3 Nc6 21. f4
h5 22. h3 Ne4 23. Bd3 Nxe5 24. fxe5 Qe7 25. Bxe4 dxe4 26. Qxe4 f5 27. exf6 Rxf6
28. Rf1 Kg7 29. Qe5 Rcf8 30. Rxf6 Qxf6 31. Qxf6+ Rxf6 32. Re1 Kf7 33. Rf1 Ke7
34. Rxf6 Kxf6 35. Kf2 Kf5 36. Ke3 Kf6 37. Ke4 Ke7 38. Ke5 Kd7 39. g4 Ke7 40. g5
h4 41. d5 exd5 42. Kxd5 Kd7 43. b3 Ke7 44. c4 bxc4 45. bxc4 Kd7 46. c5 Kc7 47.
Ke6 Kc6 48. Kf6 Kxc5 49. Kxg6 Kc4 50. Kh6 a5 51. g6 Kb3 52. g7 Kxa3 53. g8=Q a4
54. Kh5 Kb2 55. Qg2+ Kb3 56. Qd5+ Kb2 57. Qb5+ Ka3 58. Kxh4 Ka2 59. Qxa4+ Kb2
60. Kg3 Kc3 61. Kf3 Kd3 62. Qe4+ Kc3 63. Ke3 Kb3 64. Kd3 Kb2 65. Qb4+ Kc1 66.
Qd2+ Kb1 67. Kc3 Ka1 68. Qb2# 1-0

[Event "Tournoi Skype 031B"]
[Site "Skype"]
[Date "????.??.??"]
[Round "9.17"]
[White "Bledsoe, Megan"]
[Black "Ruiz Gomez, Luz Alba"]
[Result "1/2-1/2"]
[WhiteElo "1000"]
[BlackElo "1201"]
[PlyCount "48"]

1. d4 Nf6 2. c4 d5 3. Nc3 c6 4. e3 Bf5 5. Bd3 Bxd3 6. Qxd3 e6 7. Bd2 Bd6 8. e4
dxc4 9. Qxc4 Be7 10. Nf3 Nbd7 11. O-O O-O 12. Na4 Rc8 13. Nc5 b5 14. Qc3 Bxc5
15. dxc5 Nxe4 16. Qa3 Ndxc5 17. Ba5 Qd5 18. Rfd1 Qf5 19. Bb4 Ra8 20. Rac1 Rad8
21. Rxd8 Rxd8 22. Bxc5 Nxc5 23. Qxa7 Ne4 24. Qc7 Qf6 1/2-1/2

[Event "Tournoi Skype 031B"]
[Site "Skype"]
[Date "????.??.??"]
[Round "9.18"]
[White "Guillaume, Mickael"]
[Black "Alarcon Alarcon, Marina"]
[Result "0-1"]
[WhiteElo "1126"]
[BlackElo "1196"]
[PlyCount "80"]

1. d4 d5 2. c4 Nf6 3. Nc3 e6 4. e3 c6 5. Bd3 Bb4 6. Nge2 dxc4 7. Bxc4 Nd5 8.
Qc2 Nd7 9. O-O Nxc3 10. bxc3 Bd6 11. e4 Qc7 12. e5 Be7 13. Bf4 Nf8 14. Bd3 Ng6
15. Bxg6 hxg6 16. h3 b6 17. Bg3 Bb7 18. Rfd1 Rd8 19. Qd3 Qd7 20. Rab1 Qd5 21.
Rd2 Bg5 22. Nf4 Bxf4 23. Bxf4 Rh5 24. c4 Qd7 25. g4 Rh8 26. Bg5 Rc8 27. f4 c5
28. Qc3 cxd4 29. Rxd4 Qc6 30. Rb2 Qh1+ 31. Kf2 Rxh3 32. Qb4 Qf3+ 33. Ke1 Rh1+
34. Kd2 Rh2+ 35. Kc1 Rh1+ 36. Kc2 Rh2+ 37. Kc1 Qe3+ 38. Rdd2 Rh1+ 39. Kc2 Be4+
40. Rd3 Qxd3# 0-1

[Event "Tournoi Skype 031B"]
[Site "Skype"]
[Date "????.??.??"]
[Round "9.19"]
[White "Roberts, Mario"]
[Black "Jimenez Del Rosario, Alsis Raynely"]
[Result "1/2-1/2"]
[WhiteElo "1195"]
[BlackElo "1093"]
[PlyCount "101"]

1. c4 e5 2. Nc3 Nf6 3. d3 Bb4 4. Bd2 O-O 5. a3 Bc5 6. Nf3 Nc6 7. Bg5 d6 8. Bxf6
Qxf6 9. Ne4 Qf5 10. Nxc5 dxc5 11. e4 Qf6 12. Qd2 Nd4 13. Be2 Nxe2 14. Qxe2 Bg4
15. h3 Bxf3 16. gxf3 Rfd8 17. h4 c6 18. h5 h6 19. Qe3 Qd6 20. Rg1 b5 21. O-O-O
a5 22. Rg4 a4 23. f4 exf4 24. Rxf4 b4 25. e5 Qe7 26. Rg1 Kh7 27. Qe4+ Kh8 28.
e6 Qxe6 29. Qf3 Rf8 30. d4 Qxc4+ 31. Kb1 bxa3 32. Qxa3 cxd4 33. Rc1 Qd5 34. Qd3
c5 35. Rf5 Qd8 36. Rfxc5 Qb8 37. Rb5 Qd6 38. Qd2 a3 39. b3 a2+ 40. Ka1 d3 41.
Qb2 Qf6 42. Qxf6 gxf6 43. Rd5 Rfe8 44. Rxd3 Re5 45. Rd6 Kg7 46. Rg1+ Kf8 47.
Rxf6 Rxh5 48. Kb2 Rg5 49. Ra1 h5 50. Rxa2 Rxa2+ 51. Kxa2 1/2-1/2

[Event "Tournoi Skype 031B"]
[Site "Skype"]
[Date "????.??.??"]
[Round "9.20"]
[White "Luna Perez Vico, Lorenzo"]
[Black "Torres, Vicky"]
[Result "0-1"]
[WhiteElo "1341"]
[BlackElo "1091"]
[PlyCount "76"]

1. e4 c5 2. Nf3 d6 3. Be2 Nc6 4. c3 Nf6 5. d3 e5 6. h3 Be7 7. Be3 O-O 8. Nbd2
d5 9. Bg5 h6 10. Bxf6 Bxf6 11. exd5 Qxd5 12. Ne4 Be7 13. c4 Qd8 14. Nc3 a6 15.
O-O Bf5 16. Nd5 Bd6 17. Nc3 Re8 18. Ne4 Bc7 19. Nxc5 b5 20. cxb5 axb5 21. Ne4
Nd4 22. Nxd4 Qxd4 23. Qb3 b4 24. Qc4 Qxc4 25. dxc4 Bxe4 26. b3 Bb6 27. Rfd1 Bd4
28. Rxd4 exd4 29. f3 d3 30. fxe4 dxe2 31. Kf2 Rxe4 32. Kf3 Rae8 33. Re1 Kf8 34.
c5 R4e6 35. Kf2 Rf6+ 36. Kg1 Rf1+ 37. Rxf1 exf1=Q+ 38. Kxf1 Rc8 0-1

[Event "Tournoi Skype 031B"]
[Site "Skype"]
[Date "????.??.??"]
[Round "9.21"]
[White "Mira Poveda, Jose Antonio"]
[Black "Bankhede, Shivkumar"]
[Result "1-0"]
[WhiteElo "1154"]
[BlackElo "1226"]
[PlyCount "57"]

1. e4 e5 2. Nf3 d6 3. g3 Nf6 4. d3 h6 5. Bg2 Nc6 6. O-O Be7 7. Be3 O-O 8. Nc3
a6 9. Ne2 d5 10. exd5 Nxd5 11. d4 Nxe3 12. fxe3 exd4 13. exd4 Bf6 14. c3 Be6
15. Nf4 Re8 16. d5 Ne7 17. dxe6 fxe6 18. Nxe6 Qxd1 19. Raxd1 Rac8 20. Nh4 Nc6
21. Bd5 Kh7 22. Rfe1 Ne5 23. Bxb7 Rb8 24. Be4+ Kg8 25. Nxc7 Re7 26. Nd5 Rf7 27.
Nxf6+ Rxf6 28. Bd5+ Nf7 29. b4 1-0

[Event "Tournoi Skype 031B"]
[Site "Skype"]
[Date "????.??.??"]
[Round "9.22"]
[White "Le Bouill, Pierre"]
[Black "Rivalta, Paolo"]
[Result "0-1"]
[WhiteElo "1223"]
[BlackElo "1143"]
[PlyCount "54"]

1. Nf3 d5 2. d4 Nc6 3. Bf4 Nf6 4. e3 Bf5 5. Be2 Nb4 6. Bd3 Qd7 7. Ne5 Nxd3+ 8.
Nxd3 e6 9. O-O Bd6 10. Be5 Bxe5 11. Nxe5 Qe7 12. c3 O-O-O 13. Nd2 Ne4 14. a4 f6
15. Nef3 g5 16. h3 g4 17. Nh2 gxh3 18. g3 Qd6 19. Qe1 h5 20. f4 Rdg8 21. Rf3 h4
22. Nxe4 Bxe4 23. Rf1 Rxg3+ 24. Qxg3 hxg3 25. Ng4 h2+ 26. Nxh2 Rxh2 27. Rf2
Rh1# 0-1

[Event "Tournoi Skype 031B"]
[Site "Skype"]
[Date "????.??.??"]
[Round "9.24"]
[White "Guevara, Lizbeth"]
[Black "Milanese, Serge"]
[Result "1-0"]
[WhiteElo "1129"]
[BlackElo "1202"]
[PlyCount "63"]

1. c3 d5 2. d4 Nf6 3. Bf4 e6 4. Nd2 Bd6 5. e3 Nbd7 6. Bd3 O-O 7. Ne2 e5 8. dxe5
Nxe5 9. Bxe5 Bxe5 10. Qc2 c6 11. O-O-O Be6 12. f4 Bd6 13. h3 Bc5 14. Nf1 g6 15.
h4 Ng4 16. Nd4 Bxd4 17. exd4 Bf5 18. Bxf5 gxf5 19. Qxf5 Nf6 20. g4 Qe7 21. Rh2
Qe4 22. Qg5+ Qg6 23. h5 Qxg5 24. fxg5 Nxg4 25. Rg2 f5 26. gxf6 Rxf6 27. Rxg4+
Kf7 28. Ne3 Rg8 29. Kc2 Rf2+ 30. Kb3 a5 31. a4 h6 32. Rdg1 1-0

[Event "Tournoi Skype 031B"]
[Site "Skype"]
[Date "????.??.??"]
[Round "9.26"]
[White "Schuh, David"]
[Black "Malbec, Robert"]
[Result "0-1"]
[WhiteElo "1052"]
[BlackElo "1174"]
[PlyCount "136"]

1. d4 d5 2. c4 e6 3. Nc3 Nf6 4. Nf3 c6 5. e3 Be7 6. Bd3 Nbd7 7. Bd2 a6 8. Qc2
Nb6 9. cxd5 cxd5 10. O-O Bd7 11. Rfe1 O-O 12. e4 dxe4 13. Bxe4 Rc8 14. Bxb7 Rc7
15. Bxa6 Nbd5 16. Qb3 Qa8 17. Bb5 Rb8 18. Nxd5 Nxd5 19. a4 Bxb5 20. Rec1 Bxa4
21. Rxa4 Rxb3 22. Rxa8+ Bf8 23. Rxc7 Nxc7 24. Rc8 Nd5 25. Rc2 g6 26. h4 Nb6 27.
Bc3 Bb4 28. Nd2 Rxc3 29. bxc3 Bf8 30. c4 Bg7 31. c5 Nd5 32. Nf3 Kf8 33. c6 Nc7
34. Ng5 h6 35. Nf3 Ke7 36. Ne5 Bxe5 37. dxe5 f6 38. exf6+ Kxf6 39. Rc5 Ke7 40.
f4 Kd6 41. Rc2 Nd5 42. g3 Kc7 43. Kf2 Nb4 44. Rc5 Nxc6 45. Ke3 Kd6 46. Rc3 Ne7
47. Rd3+ Kc5 48. Ke4 Nf5 49. g4 Nxh4 50. Ke5 g5 51. fxg5 hxg5 52. Rc3+ Kb4 53.
Rc6 Nf3+ 54. Ke4 Nd2+ 55. Ke5 Nf3+ 56. Kxe6 Nd4+ 57. Kd6 Nxc6 58. Kxc6 Kc4 59.
Kd6 Kd4 60. Ke6 Ke4 61. Kf6 Kf4 62. Kg6 Kxg4 63. Kf6 Kf4 64. Kg6 g4 65. Kh5 g3
66. Kh4 Kf3 67. Kh3 g2 68. Kh2 Kf2 0-1

[Event "Tournoi Skype 031B"]
[Site "Skype"]
[Date "????.??.??"]
[Round "9.27"]
[White "Tolaro, Filippa"]
[Black "Barba Cepeda, Julio Cesar"]
[Result "0-1"]
[WhiteElo "1048"]
[BlackElo "1173"]
[PlyCount "88"]

1. Nf3 d6 2. d4 e6 3. e3 Nf6 4. c4 Be7 5. Bd3 O-O 6. Nc3 a6 7. b3 Nbd7 8. Bb2
c5 9. O-O b6 10. d5 exd5 11. Nxd5 Nxd5 12. cxd5 Bf6 13. Qc2 Bxb2 14. Qxb2 Qf6
15. Qxf6 Nxf6 16. e4 a5 17. e5 Nxd5 18. exd6 Nf6 19. Rfe1 Bd7 20. Ne5 Rfe8 21.
Bc4 Be6 22. Bxe6 Rxe6 23. d7 Rd6 24. Rad1 Rxd1 25. Rxd1 Rd8 26. f4 Kf8 27. Rd6
b5 28. Rc6 Nxd7 29. Nxd7+ Rxd7 30. Rc8+ Ke7 31. Rxc5 Rb7 32. Rg5 g6 33. h4 h6
34. Re5+ Kf6 35. g4 a4 36. g5+ Kg7 37. gxh6+ Kxh6 38. Kg2 axb3 39. axb3 b4 40.
Re8 Rb5 41. Rf8 Kg7 42. Rc8 Kf6 43. Rc7 Kg7 44. Rc3 bxc3 0-1

[Event "Tournoi Skype 031B"]
[Site "Skype"]
[Date "????.??.??"]
[Round "9.28"]
[White "Montilla Bejarano, Mey"]
[Black "Borg, Anthony"]
[Result "1-0"]
[WhiteElo "1088"]
[BlackElo "1297"]
[PlyCount "75"]

1. d4 c6 2. e4 d6 3. c4 Nf6 4. Nc3 Bg4 5. f3 Bh5 6. Bd3 Nbd7 7. g4 Bg6 8. f4 h6
9. f5 Bh7 10. h4 g6 11. Bxh6 Bxh6 12. g5 Bxg5 13. hxg5 Ng8 14. fxg6 fxg6 15. e5
dxe5 16. Bxg6+ Kf8 17. Rxh7 Rxh7 18. Bxh7 Ngf6 19. gxf6 exf6 20. Qh5 Qe7 21.
Qh6+ Ke8 22. Bg6+ Kd8 23. Qh8+ Nf8 24. O-O-O Kc7 25. dxe5 fxe5 26. Kb1 Kb6 27.
Rd5 Rd8 28. Na4+ Ka6 29. Rxd8 Qxd8 30. Nc3 Qd6 31. Bc2 Nd7 32. Nge2 Qc5 33. a3
Qxc4 34. Qh3 Qf7 35. Qd3+ b5 36. a4 Nc5 37. axb5+ cxb5 38. Qxb5# 1-0

[Event "Tournoi Skype 031B"]
[Site "Skype"]
[Date "????.??.??"]
[Round "9.29"]
[White "Hargez, Dany"]
[Black "Mfengu, Daluthando"]
[Result "0-1"]
[WhiteElo "1296"]
[BlackElo "1082"]
[PlyCount "52"]

1. e4 e5 2. Nf3 Nc6 3. Bc4 Nf6 4. d3 Bc5 5. Nc3 O-O 6. Bg5 h6 7. Bh4 d6 8. O-O
a6 9. Nd5 Re8 10. Nxf6+ gxf6 11. Bd5 Ne7 12. Nd2 Nxd5 13. exd5 Kh7 14. Ne4 c6
15. Nxf6+ Kg6 16. Qh5+ Kg7 17. Nxe8+ Qxe8 18. Rae1 cxd5 19. c4 dxc4 20. dxc4
Be6 21. Kh1 Bxc4 22. Qg4+ Kh7 23. Qxc4 Qg8 24. Qg4 Qxg4 25. h3 Qxh4 26. Re3
Bxe3 0-1

[Event "Tournoi Skype 031B"]
[Site "Skype"]
[Date "????.??.??"]
[Round "9.30"]
[White "Hernandez Lopez, Joaquin"]
[Black "Codina, Teresa"]
[Result "0-1"]
[WhiteElo "1066"]
[BlackElo "1274"]
[PlyCount "108"]

1. e4 c5 2. Nc3 d6 3. Nge2 Nf6 4. h3 e6 5. g3 Be7 6. Bg2 a6 7. a4 O-O 8. O-O e5
9. d3 Bd7 10. f4 exf4 11. Nxf4 Bc6 12. Be3 Qc7 13. Nh5 Ne8 14. Qg4 Qd7 15. Qxd7
Nxd7 16. Rf4 f5 17. Raf1 g6 18. g4 Bg5 19. R4f3 Bxe3+ 20. Rxe3 gxh5 21. gxh5 f4
22. Ref3 Ng7 23. h6 Nh5 24. h4 Rf6 25. Ne2 Raf8 26. Kh2 Bxa4 27. b3 Bc6 28. Rg1
Rg6 29. Bh3 Rxg1 30. Be6+ Kh8 31. Nxg1 Ndf6 32. Nh3 Re8 33. Bf7 Rf8 34. Bxh5
Nxh5 35. Ng5 Rf6 36. Kh3 Bd7+ 37. Kh2 Rxh6 38. Nf7+ Kg7 39. Nxh6 Kxh6 40. c3 b5
41. b4 c4 42. d4 Kg6 43. Kg2 Kf6 44. Kf2 Bg4 45. Rxf4+ Nxf4 46. Kg3 Ne2+ 47.
Kxg4 Nxc3 48. e5+ dxe5 49. dxe5+ Kxe5 50. Kg5 Ne4+ 51. Kh6 c3 52. Kxh7 c2 53.
Kg6 c1=Q 54. h5 Qg5+ 0-1

[Event "Tournoi Skype 031B"]
[Site "Skype"]
[Date "????.??.??"]
[Round "9.31"]
[White "Grib, Jessica"]
[Black "Cengiz, Ali Ekber"]
[Result "0-1"]
[WhiteElo "1012"]
[BlackElo "1266"]
[PlyCount "28"]

1. e4 e5 2. Nf3 Nc6 3. Bc4 Nf6 4. Nc3 h6 5. d4 exd4 6. Nxd4 Ne5 7. Be2 d6 8.
Bb5+ c6 9. Ba4 Be7 10. f4 Ng6 11. h3 d5 12. e5 Ne4 13. Nde2 Qb6 14. Nxd5 Qf2#
0-1

[Event "Tournoi Skype 031B"]
[Site "Skype"]
[Date "????.??.??"]
[Round "9.32"]
[White "Rodriguez, Nathalie"]
[Black "Chamorro Cajina, Ivan Antonio"]
[Result "0-1"]
[WhiteElo "1224"]
[BlackElo "1045"]
[PlyCount "68"]

1. d4 c6 2. Bf4 d6 3. Nf3 Nd7 4. e3 g6 5. Nc3 Bg7 6. h3 f6 7. Be2 e5 8. dxe5
fxe5 9. Bh2 Ndf6 10. Qd2 Ne7 11. Bc4 d5 12. Bb3 Nh5 13. a3 O-O 14. O-O-O Kh8
15. Qe1 Nf5 16. Nxe5 Nh6 17. Ng4 Bxg4 18. hxg4 Nxg4 19. Bg1 Re8 20. Kb1 d4 21.
Qd2 dxc3 22. Qxd8 Raxd8 23. Rxd8 Rxd8 24. f3 Ne5 25. bxc3 Ng3 26. Rh3 Ne2 27.
Bh2 Nxc3+ 28. Kc1 Rd1+ 29. Kb2 Nd7 30. a4 Nc5 31. Ka3 Ra1+ 32. Kb4 Na6+ 33. Kc4
b5+ 34. Kd3 Rd1# 0-1